000 00722nam a22002537a 4500
008 130424b xxu||||| |||| 00| 0 eng d
020 _a81-7808-173-3
024 _cAvailable
037 _cAvailable
040 _aMBSTU LIBRARY
_dMBSTU LIBRARY
082 _222
_a005.133 SAP
100 _aSavitch , Walter.
245 _aProblems solving c++: the object of programming
250 _a2nd
260 _aIndia
_bAddision Weslay
_c2001
300 _a24cm.
_b913 page
_f5
_g24 cm.
600 _aC++(Computer program language)
650 _2C++(Computer program language)
700 _aSavitch , Walter.
270 _aIndia
_bIndia
_dIndia
365 _b395.00
_d395.00
942 _2ddc
_cBK
999 _c230
_d230